000 00511nam a2200157 a 4500
001 000032342
005 20200930065606.0
008 110714s1995 dr 000 0 spa d
040 _aDO-SdBNP
_bspa
_cBNPHU
082 _axxx
_bM533
245 0 0 _aMembresías.
260 _aSanto Domingo :
_bSociedad Dominicana de Bibliófilos,
_c1995.
300 _a38 p. ;
_c22 cm.
490 1 _aSociedad Dominicana de Bibliófilos. Suplemento
_vno. 16
830 0 _aSociedad Dominicana de Bibliófilos. Suplemento
_nno. 16
_958346
999 _c31833
_d31833